| 000 | 00792nam a2200229 a 4500 | ||
|---|---|---|---|
| 001 | 39695 | ||
| 003 | BD-RjUL | ||
| 005 | 20211209053036.0 | ||
| 008 | 160416b2014 bg ||||| |||| 00| 0 ben d | ||
| 020 |
_a9789843364869 _cTK.300 |
||
| 035 | _a(BD-RjUL)39808 | ||
| 040 |
_aBD-RjUL _bben _cBD-RjUL |
||
| 041 | _aben | ||
| 082 |
_223 _a891.44 _bISB 2014 |
||
| 100 |
_a ইসলাম,কামরুল _9122269 |
||
| 245 |
_aবাঙালির আত্নপরিচয় ও অন্যান্য / _cকামরুল ইসলাম |
||
| 260 |
_aঢাকাঃ _bসারস্বত, _c২০১৪ |
||
| 300 |
_a২০৮ পূ. _c২১ সেমি. |
||
| 650 |
_aBengali Literature _9122270 |
||
| 650 |
_aবাংলা সাহিত্য _9122271 |
||
| 942 |
_2ddc _cBK |
||
| 999 |
_c39695 _d39695 |
||